| 000 | 01353nam a2200361 a 4500 | ||
|---|---|---|---|
| 999 |
_c118442 _d118442 |
||
| 003 | BLK | ||
| 005 | 20240315140049.0 | ||
| 008 | 180409b bul|||||r ||||||| ||bul|| | ||
| 010 | _aKNG00124044000 | ||
| 040 | _aBLK | ||
| 041 |
_aBUL _cBUL |
||
| 080 |
_aБългарска литература _b821.163.2 _x-93-32 _z821.163.2-93-32 |
||
| 100 | 1 |
_aВазов, Иван Минчов _eпърви автор _9363396 |
|
| 139 |
_aВазов, Иван Минчов _bВ 15 |
||
| 245 | 1 | 0 |
_aАпостолът в премеждие _bРазказ : За нач. училищна възраст _cИван Минчов Вазов; худож. Георги Недялков. |
| 250 | _aНово изд. | ||
| 257 | _aBGR | ||
| 260 |
_bБълг. художник _c1986 _aСофия |
||
| 300 |
_a16 с. _bс цв. ил. _c32 см |
||
| 380 | _aDX | ||
| 500 | _a1. изд. 1973. - 125 120 тир. | ||
| 653 | _aразкази | ||
| 653 | _aлитература за деца | ||
| 653 | _aдетска литература | ||
| 700 | 1 |
_aНедялков, Георги _eхудож. _9374815 |
|
| 852 | _aЦб ІІ 16771 | ||
| 856 | 4 | _qpdf | |
| 856 | 4 | _qpdf | |
| 942 |
_cKNG _n0 _0110 _s1 |
||
| 944 |
_aCR _c29.06.2011 _lМира Стойчева _k30532 |
||
| 944 |
_aED _c19.08.2016 _lф / _kГеновева_Генчева |
||
| 999 | _d118442 | ||